000 00593nam a2200169 i 4500
001 44372
003 ES-MaACL
005 20230906161020.0
007 t|
008 030321s1969 sp ||||1| spa d
100 1 _aCillan Apalategui, Antonio.
_938823
245 1 3 _aLa foralidad guipuzcoana
_b: (estudio político de los fueros de la provincia) /
_cAntonio Cillan Apalategui.
260 _a[San Sebastián] :
_bCaja de Ahorros Provincial,
_c[1969]
300 _a235 p., 8 lám. ;
_c20 cm.
710 2 _aCaja de Ahorros Provincial de Guipúzcoa.
_92306
852 _aES-MaACL
_jC-50928
_bR.72629
999 _c44372
_d44372